• 首页
  • 本馆介绍
  • 公告通知
  • 最新文献
  • 馆藏检索
  • 电子资源
  • 读者导购
  • 参考咨询
  • 我的图书馆
  • 登录
  • 详细信息显示
  • 放入我的书架
  • 预约/预借图书
  • 作者相关作品
  • 分类相关作品
  • 丛书相关作品
  • 出版社相关作品

书目信息

  • 表格格式
  • 工作单格式
  • 卡片格式
题名:
古籍保护研究
    
 
作者: 韩永进 , 李培 主编 ;国家古籍保护中心 编
分册: 第二辑  
出版信息: 郑州   大象出版社  2016
页数: 354页
开本: 24cm
丛书名:
单 册:
中图分类: G253.6-53
科图分类:
主题词: 古籍--gu ji--图书保护--中国--文集
电子资源:
ISBN: 978-7-5347-8335-7
000 01012nam0 22002651 450
001 0102164857
005 20170503082038.05
010    @a978-7-5347-8335-7@dCNY48.00
100    @a20170310d2016 em y0chiy50 ea
101 0  @achi
102    @aCN@b410000
105    @ay z 000yy
106    @ar
200 1  @a古籍保护研究@9gu ji bao hu yan jiu@h第二辑@f国家古籍保护中心编
210    @a郑州@c大象出版社@d2016
215    @a354页@d24cm
314    @a主编:韩永进,李培
330    @a本书设有“古籍保护综述”“古籍普查与编目”“古籍定级与《名录》”“古籍人才培养”“古籍存藏环境”“古籍修复”“古籍再生性保护”“古籍数字化建设”“古籍标准规范化建设”等栏目,收录了有关古籍保护工作的论文40余篇。
606 0  @a古籍@9gu ji@x图书保护@y中国@j文集
690    @aG253.6-53@v5
701  0 @a韩永进@9han yong jin@f(1958~)@4主编
701  0 @a李培@9li pei@f(1964~)@4主编
712 02 @a国家古籍保护中心@9guo jia gu ji bao hu zhong xin@4编
801  0 @aCN@b百万庄@c20170308
905    @b1002166-71@dG253.6-53@e131:2@f6
    
    古籍保护研究.第二辑/国家古籍保护中心编 .-郑州:大象出版社,2016
    354页;24cm
    
    
    ISBN 978-7-5347-8335-7:CNY48.00
    本书设有“古籍保护综述”“古籍普查与编目”“古籍定级与《名录》”“古籍人才培养”“古籍存藏环境”“古籍修复”“古籍再生性保护”“古籍数字化建设”“古籍标准规范化建设”等栏目,收录了有关古籍保护工作的论文40余篇。
●
相关链接 在E读中查询图书 在五车中查询图书 在当当中查询图书 在豆瓣中查询图书


正题名:古籍保护研究     索取号:G253.6-53/131:2         预约/预借

序号 登录号 条形码 馆藏地/架位号 状态 备注
1 1002166   210021661   第一样本阅览室/ [索取号:G253.6-53/131:2] 在馆    
2 1002167   210021670   教育系资料室/ [索取号:G253.6-53/131:2] 在馆    
3 1002168   210021689   教育系资料室/ [索取号:G253.6-53/131:2] 在馆    
4 1002169   210021698   教育系资料室/ [索取号:G253.6-53/131:2] 在馆    
5 1002170   210021705   第四借阅区/ [索取号:G253.6-53/131:2] 在馆    
6 1002171   210021714   第四借阅区/ [索取号:G253.6-53/131:2] 在馆    
唐山师范学院图书馆 欢迎您!
大连网信软件有限公司© 版权所有